ბათუმის შოთა რუსთაველის სახელმწიფო უნივერსიტეტის ბიბლიოთეკა

მარტო ამისთვის ღირდა სიცოცხლე! = Only for this it was worth to live / (ბიბ.ჩანაწერი № 53975)

000 -ლიდერი
ფიქსირებული სიგრძის საკონტროლო ველი 01819nam a2200265Ia 4500
001 - საკონტროლო ნომერი
საკონტროლო ველი 21026
003 - საკონტროლო ნომრის იდენტიფიკატორი
საკონტროლო ველი GE_BSU
005 - ბოლო ოპერაციის თარიღი და დრო
საკონტროლო ველი 20210708175808.0
008 - ფიქსირებული სიგრძის მონაცემთა ელემენტები - ზოგადი ინფორმაცია
ფიქსირებული სიგრძის საკონტროლო ველი 181216s2015||||ge |||||||||||||| ||geo||
020 ## - წიგნის საერთაშორისო სტანდარტული ნომერი
International Standard Book Number 9789941944284
040 ## - კატალოგიზაციის წყარო
Transcribing agency GE_BSU
041 ## - ენის კოდი
Language code of text/sound track or separate title geo
080 ## - უნივერსალური ათობითი კლასიფიკაციის ინდექსი
Universal Decimal Classification number 373.3/5(479.223)(09) ჩ-21
100 ## - მთავარი ჩანაწერი - პიროვნების სახელი
Personal name ჩანტლაძე, იზა
9 (RLIN) 12219
245 ## - ცნობა სათაურის შესახებ
Title მარტო ამისთვის ღირდა სიცოცხლე! = Only for this it was worth to live /
Statement of responsibility, etc იზა ჩანტლაძე ; სარედაქციო საბჭო : ალეკო ბაკურიძე, რამაზ სურმანიძე, შუშანა ფუტკარაძე [და სხვ.].
264 ## - წარმოების, გამოცემის, დისტრიბუციის და სხვა ცნობები
გამოცემის, წარმოების, დისტრიბუციის... ადგილი თბილისი :
გამოცემის, წარმოების, დისტრიბუციის... სახელწოდება სვეტი,
გამოცემის, წარმოების, დისტრიბუციის... თარიღი 2015-2016.
300 ## - ფიზიკური აღწერა
Extent 340 გვ. :
Other physical details ფოტ. ;
Dimensions 20 სმ.
500 ## - ზოგადი შენიშვნა
General note წიგნი ეძღვნება ცნობილი საზოგადო მოღვაწის, ზემო აჭარის სოფელ ოლადაურის ქართული სკოლის დამაარსებლის ნური ბერიძის ხსოვნას (დაბადებიდან 170-ე წლისთავთან და სკოლის საუკუნოვან იუბილესთან დაკავშირებით)
653 ## - INDEX TERM--UNCONTROLLED
Uncontrolled term მარტო ამისთვის ღირდა სიცოცხლე!
653 ## - INDEX TERM--UNCONTROLLED
Uncontrolled term პედაგოგიკა
653 ## - INDEX TERM--UNCONTROLLED
Uncontrolled term საშუალო სკოლების ისტორია აჭარაში
710 ## - ADDED ENTRY--CORPORATE NAME
Corporate name or jurisdiction name as entry element ილიას სახელმწელმწიფო უნივერსიტეტი
9 (RLIN) 12220
942 ## - ADDED ENTRY ELEMENTS (KOHA)
Koha item type წიგნი
Source of classification or shelving scheme
ეგზემპლარები
ჩამოწერის სტატუსი დაკარგული ეგზემპლარის სტატუსი კლასიფიკაციის წყარო ან თაროზე გაწყობის სქემა დაზიანების სტატუსი არ გაიცემა მუდმივი მდებარეობა (დაცვის ადგილი) ამჟამინდელი ადგილსამყოფელი თაროზე განთავსების ადგილი შეძენის თარიღი ღირებულება, შესყიდვის ნორმალური ფასი სრული შენახვის შიფრი შტრიხკოდი ბოლო ოპერაციის თარიღი ეგზემპლარის მიმდევრობითი ნომერი (კეტერი?) ფასის ძალაში შესვლის თარიღი ეგზემპლარის სახეობა საჯარო შენიშვნა
          ბათუმის შოთა რუსთაველის სახელმწიფო უნივერსიტეტის მთავარი ბიბლიოთეკა ბათუმის შოთა რუსთაველის სახელმწიფო უნივერსიტეტის მთავარი ბიბლიოთეკა წიგნსაცავი 2018-12-17 35.00 373.3/5(479.223)(09) ჩ-21 54682 2018-12-17 54682 2018-12-17 წიგნი 35.00 ₾.